Designing the earth : the human impulse to shape nature /

Bibliografske podrobnosti
Glavni avtor: Bourdon, David
Format: Knjiga
Jezik:English
Izdano: New York : H.N. Abrams, 1995.
Teme:
Classic Catalogue: View this record in Classic Catalogue
LEADER 01109nam a2200301 a 4500
001 32616
003 BD-DhAAL
005 20180109105021.0
008 180109t1995 nyuab b 001 0 eng
999 |c 38929  |d 38929 
010 |a  95010639  
020 |a 0810932245 (hardcover) 
040 |a DLC  |c DLC  |d DLC 
050 0 0 |a TA715  |b .B65 1995 
082 0 0 |a 709.04  |2 20 
100 1 |a Bourdon, David.  |9 24518 
245 1 0 |a Designing the earth :  |b the human impulse to shape nature /  |c David Bourdon. 
260 |a New York :  |b H.N. Abrams,  |c 1995. 
300 |a 240 pages. :  |b illustrations, map ;  |c 30 cm. 
504 |a Includes bibliographical references (pages 233-234) and index. 
526 |a AAL 
541 |a Development Book Agency  |e 32616 
650 0 |a Earthwork.  |9 24519 
650 0 |a Earth construction.  |9 24520 
650 0 |a Earthworks (Art)  |9 24521 
852 |a Ayesha Abed Library  |c General Stacks 
942 |2 ddc  |c BK 
952 |0 0  |1 0  |2 ddc  |4 0  |6 709_040000000000000_BOU  |7 0  |9 62472  |a BRACUL  |b BRACUL  |c GEN  |d 2018-01-08  |e Development Book Agency   |g 2640.00  |l 0  |o 709.04 BOU  |p 3010032616  |r 2018-01-08  |t 1  |v 2758.00  |w 2018-01-08  |y BK